مكتبة جامعة عجلون الوطنية

فهرس بحث المكتبة

Normal view MARC view
  • الاردن - تاريخ الاردن - السياحة والاثار- الانظمة الاجتماعية - التنمية الاقتصادية

Entry Topical Term

Number of records used in: 1

001 - CONTROL NUMBER

  • control field: 9197

003 - CONTROL NUMBER IDENTIFIER

  • control field: JO-AjAnu

005 - DATE AND TIME OF LATEST TRANSACTION

  • control field: 20230606071800.0

008 - FIXED-LENGTH DATA ELEMENTS

  • fixed length control field: 230606|| aca||aabn | a|a d

040 ## - CATALOGING SOURCE

  • Original cataloging agency: JO-AjAnu
  • Transcribing agency: JO-AjAnu

150 ## - HEADING--TOPICAL TERM

  • Topical term or geographic name entry element: الاردن - تاريخ الاردن - السياحة والاثار- الانظمة الاجتماعية - التنمية الاقتصادية

670 ## - SOURCE DATA FOUND

  • Source citation: Work cat.: (JO-AjAnu)4743: العنابي، زهير, author 9196, محمد أبو سماقة في قراءة لفلسفة الاعلام والترويج، ج1